UM Logo

Perceived value chain activities and level of productivity of cavendish banana producers in the selected municipalities of Davao del Sur/ (Record no. 2708)

MARC details
000 -LEADER
fixed length control field 00701nam a22001577a 4500
008 - FIXED-LENGTH DATA ELEMENTS--GENERAL INFORMATION
fixed length control field 160525b xxu||||| |||| 00| 0 eng d
082 ## - DEWEY DECIMAL CLASSIFICATION NUMBER
Edition number 2011
Classification number UT 0323
Item number C67
100 ## - MAIN ENTRY--PERSONAL NAME
9 (RLIN) 8945
Personal name Coles, Maureen Grace L.
245 ## - TITLE STATEMENT
Title Perceived value chain activities and level of productivity of cavendish banana producers in the selected municipalities of Davao del Sur/
Statement of responsibility, etc. Maureen Grace L. Coles, Shenna Mae P. Pilapil and Glen E. Delos Reyes.
260 ## - PUBLICATION, DISTRIBUTION, ETC. (IMPRINT)
Place of publication, distribution, etc. Digos City:
Name of publisher, distributor, etc. UMDC
Date of publication, distribution, etc. November 2011.
300 ## - PHYSICAL DESCRIPTION
Extent 53 pages;
Dimensions 30 cm.
650 #0 - SUBJECT ADDED ENTRY--TOPICAL TERM
9 (RLIN) 8944
Topical term or geographic name as entry element Business Administration
Form subdivision Management Accounting
General subdivision Undergraduate thesis.
700 ## - ADDED ENTRY--PERSONAL NAME
9 (RLIN) 8942
Personal name Pilapil, Shenna Mae P.
700 ## - ADDED ENTRY--PERSONAL NAME
9 (RLIN) 8943
Personal name Delos Reyes, Glen E.
942 ## - ADDED ENTRY ELEMENTS (KOHA)
Source of classification or shelving scheme Dewey Decimal Classification
Koha item type Undergraduate Thesis
Holdings
Withdrawn status Lost status Source of classification or shelving scheme Damaged status Not for loan Collection code Home library Current library Date acquired Total Checkouts Full call number Barcode Date last seen Price effective from Koha item type
    Dewey Decimal Classification     Undergraduate Theses UM Digos College - LIC UM Digos College - LIC 05/25/2016   UT 0323 C67 2011 UT0323 05/25/2016 05/25/2016 Undergraduate Thesis